000 00766nam a22002177a 4500
003 OSt
005 20230119174632.0
008 220921b |||||||| |||| 00| 0 eng d
040 _cBiblioteca Lado V
082 _a700.74
_bH541b
100 _9192
_aHerdocia de Montealegre, Margarita
_eautor
245 _aBienarte 97/
260 _aCosta Rica
_bCentro Costarricense de la Ciencia y la Cultura/
_c1997
300 _a90p.
_c22x22cm
650 _2Tesauro de Arte & Arquitectura
_aGALERIA
650 _2Tesauro de Arte & Arquitectura
_aEXPOSICIONES
650 _2Tesauro de Arte & Arquitectura
_aARTE
650 _2Tesauro de Arte & Arquitectura
_aBIENNAL
700 _aSolera de Jimenez, Olga
_eautora
942 _2ddc
_c1
_h700.74
_iH541b
_n0
999 _c2857
_d2857